000 00728nam a2200229 i 4500
001 bg
100 1 _aMORZYŃSKI, Marek
245 1 0 _aStability of non-parallel flow /
_cMarek Morzyński.
260 _aPoznań :
_bWydaw. Politechniki Poznańskiej,
_c1995.
300 _a77 s. :
_brys., wykr. ;
_c24 cm.
490 1 _aRozprawy / Politechnika Poznańska,
_x0551-6528 ;
_vnr 306
504 _aBibliogr. s. 69-74.
650 9 _aStateczność
_xbadanie
_xmetody
650 9 _aAnaliza numeryczna
_xstosowanie
650 9 _aPrzepływ
_xteoria
830 0 _aRozprawy (Politechnika Poznańska) ;
_vnr 306
040 _cBPK
041 _apol
080 _a539.4/.5:519.6
942 _cKS
008 s pl f |000 0 pol
999 _c30525
_d30525
856 _uhttp://koha.tu.koszalin.pl/cgi-bin/koha/opac-detail.pl?biblionumber=30525
_yKatalog online BPK